|
|
|
|
| LEADER |
01147nam a2200277 a 4500 |
| 001 |
13525783 |
| 008 |
091026s2003 ii bl 001 0 eng d |
| 010 |
|
|
|a 2003322677
|
| 020 |
|
|
|a 8171110290
|
| 040 |
|
|
|a DLC
|c DLC
|d DLC
|
| 082 |
0 |
0 |
|a 348.54/023
|2 22
|
| 100 |
0 |
|
|a Chaudhury, A.S.
|
| 245 |
1 |
0 |
|a A.S. Chaudhury's Commentaries on Law of Writs (with special emphasis on public interest ligislation) /
|c revised under the guidance of A.B. Srivastava, C.S. Lal and assisted by a panel of lawyers and editors.
|
| 246 |
3 |
0 |
|a Chaudhury's Commentaries on Law of Writs
|
| 250 |
|
|
|a 5th ed.
|
| 260 |
|
|
|a Allahabad :
|b Law Publishers (India),
|c 2003.
|
| 300 |
|
|
|a cclviii, 1658 p. ;
|c 25 cm.
|
| 504 |
|
|
|a Includes bibliographical references and index.
|
| 541 |
1 |
|
|e 00015188
|
| 650 |
|
0 |
|a Law
|z India
|x Interpretation and construction.
|
| 650 |
|
0 |
|a Clauses (Law)
|z India.
|
| 700 |
1 |
|
|a Srivastava, A. B.
|
| 700 |
1 |
|
|a Lal , C.S.
|
| 852 |
4 |
|
|a Ayesha Abed Library
|j General Shelf.
|
| 999 |
|
|
|c 4846
|d 4846
|
| 952 |
|
|
|0 0
|1 0
|2 ddc
|4 0
|6 348_540230000000000_CHA_2003
|7 0
|9 4670
|a BRACUL
|b BRACUL
|c GEN
|d 2009-10-26
|l 0
|o 348.54023 CHA
|p 3010015188
|r 2009-10-26
|t 1
|w 2009-10-26
|y BK
|